000 00572nam a2200205Ia 4500
005 20250923144908.0
008 008 250917s9999 xx 000 0 eng d
037 _aTextual
040 _aDSWL
_beng
_cDSWL
041 _aeng
_2eng
084 _aY:7:7.564wM87, N60
_qDSWL
100 _aRynne, S.
_9829528
245 0 _aFather John Hayes
_cby S. Rynne
260 _aLondon
_bDublin Clonmore & Reynolds
_c1960
300 _a293p.
365 _aINR
_b25
925 _g25
942 _cTEXL
_hY:7:7.564wM87, N60
999 _c1444691
_d1444691